000
00341nam a2200145Ia 4500
008
240624s9999 xx 000 0 und d
041
_a
eng
082
_a
519.5 MCC
100
_a
MCCLAVE JAMES
245
_a
STATISTICS
250
_a
(12th ed.)
260
_c
2013
_a
Boston
_b
Pearson
300
_a
xxvi, : 814 : p. : cm. ; 28
365
_c
_b
27
999
_c
20675
_d
20675